|
|
|
|
| LEADER |
01094nam a2200241 a 4500 |
| 001 |
615624 |
| 008 |
091124s1993 nyua b 001 0 eng d |
| 010 |
|
|
|a 92024078
|
| 020 |
|
|
|a 0070323690
|
| 040 |
|
|
|a DLC
|c DLC
|d DLC
|
| 082 |
0 |
0 |
|a 333.7/14
|2 20
|
| 245 |
0 |
0 |
|a Environmental assessment /
|c R.K. Jain ... [et al.].
|
| 260 |
|
|
|a New York :
|b McGraw-Hill,
|c c1993.
|
| 300 |
|
|
|a xiv, 526 p. :
|b ill. ;
|c 24 cm.
|
| 504 |
|
|
|a Includes bibliographical references (p. 509-516) and index.
|
| 541 |
1 |
|
|e 00007254
|
| 650 |
|
0 |
|a Environmental impact analysis
|z United States.
|
| 650 |
|
0 |
|a Environmental policy
|z United States.
|
| 700 |
1 |
|
|a Jain, R. K.
|q (Ravinder Kumar),
|d 1935-
|
| 852 |
4 |
|
|a Ayesha Abed Library
|j General Shelf.
|
| 999 |
|
|
|c 5956
|d 5956
|
| 952 |
|
|
|0 0
|1 0
|2 ddc
|4 0
|6 333_714000000000000_ENV_1993
|7 0
|9 5941
|a BRACUL
|b BRACUL
|c GEN
|d 2009-12-06
|g 0.00
|l 1
|o 333.714 ENV
|p 3010007254
|r 2014-04-29
|s 2014-04-22
|t 1
|w 2009-12-06
|y BK
|x No price found in the accession register.
|
| 952 |
|
|
|0 0
|1 0
|2 ddc
|4 0
|6 333_714000000000000_ENV
|7 0
|9 42952
|a SCL
|b SCL
|c GEN
|d 1998-11-07
|l 0
|o 333.714 ENV
|p 3020000252
|r 2014-07-06
|w 2014-07-06
|y BK
|